Engineering Hydrology (Record no. 7676)

MARC details
000 -LEADER
fixed length control field 00277nam a2200121Ia 4500
008 - FIXED-LENGTH DATA ELEMENTS--GENERAL INFORMATION
fixed length control field 191201s2015 xx 000 0 und d
100 ## - MAIN ENTRY--PERSONAL NAME
Personal name SUBRAMANYA, K
245 #0 - TITLE STATEMENT
Title Engineering Hydrology
260 ## - PUBLICATION, DISTRIBUTION, ETC. (IMPRINT)
Date of publication, distribution, etc 2015
Name of publisher, distributor, etc TMG
Place of publication, distribution, etc New Delhi
300 ## - PHYSICAL DESCRIPTION
Extent 534
650 ## - SUBJECT ADDED ENTRY--TOPICAL TERM
Topical term or geographic name as entry element CIVIL
942 ## - ADDED ENTRY ELEMENTS (KOHA)
Source of classification or shelving scheme Dewey Decimal Classification
Koha item type Book Bank
Holdings
Withdrawn status Lost status Source of classification or shelving scheme Damaged status Not for loan Collection code Home library Current library Date acquired Source of acquisition Cost, normal purchase price Bill Number Total Checkouts Acc. no. / Barcode Date last seen Actual Cost, discounted price Bill Date Koha item type
    Dewey Decimal Classification     B.Tech(CE) PIET C-LIBRARY PIET C-LIBRARY 08/09/2015 KIRTI PRAKASHAN, NEW DELHI 499.00 IN2864   BB11536 04/12/2019 324.35 07/09/2015 Book Bank
    Dewey Decimal Classification     B.Tech(CE) PIET C-LIBRARY PIET C-LIBRARY 08/09/2015 KIRTI PRAKASHAN, NEW DELHI 499.00 IN2864   BB11537 04/12/2019 324.35 07/09/2015 Book Bank
    Dewey Decimal Classification     B.Tech(CE) PIET C-LIBRARY PIET C-LIBRARY 08/09/2015 KIRTI PRAKASHAN, NEW DELHI 499.00 IN2864   BB11538 04/12/2019 324.35 07/09/2015 Book Bank
    Dewey Decimal Classification     B.Tech(CE) PIET C-LIBRARY PIET C-LIBRARY 08/09/2015 KIRTI PRAKASHAN, NEW DELHI 499.00 IN2864   BB11539 23/12/2019 324.35 07/09/2015 Book Bank
    Dewey Decimal Classification     B.Tech(CE) PIET C-LIBRARY PIET C-LIBRARY 08/09/2015 KIRTI PRAKASHAN, NEW DELHI 499.00 IN2864   BB11540 04/12/2019 324.35 07/09/2015 Book Bank

Design & Developed by: PIET Central Library
R70 Miles Stone Pattikalyana Samalkha Panipat 132102
mail ID :- [email protected], Phone No:- 0180-2569700 Ex.216